LDR 00976naa#a2200181#i#450# 001 RU\\bibl\121322 005 20260515194114.5 011 ## _a1994-4683 100 ## _a20230803b2023####ek#y0rusy0150####ca 102 ## _aRU 200 1# _aТЕХНИЧЕСКИЕ ЭЛЕМЕНТЫ И ТРЮКИ В ЧИРЛИДИНГЕ _eЖурнальная статья 210 1# _aМосква _cНациональный государственный Университет физической культуры, спорта и здоровья им. П.Ф. Лесгафта _d2023 215 ## _a3 с. 608 ## _aЖурнальная статья _2local 675 ## _aРитмические гимнастические упражнения (вольные). Производственная вспомогательная гимнастика. Художественная гимнастика. 796.412 _z 700 #1 _aПрозоров _gП Д 700 #1 _aКовтун _gР И 856 4# _auchzapiski.lesgaft.spb.ru _u